| 000 | 01518cab a2200313 4500 | ||
|---|---|---|---|
| 001 | ABS48170 | ||
| 008 | 090401t1993 xxu||||| |||| 00| 0 eng d | ||
| 035 | _a(Sirsi) u65322 | ||
| 041 | _aeng | ||
| 245 | _aBuilding related sickness | ||
| 260 | _c1993 | ||
| 350 | _a0 | ||
| 490 |
_aBuilding Services _v15(3) March 1993, 21-35(12) |
||
| 520 | _aSeries of articles examining the causes and effects of building related sickness. Includes items on a new ventilation method that could control dust mites, a major cause of asthma; the causes of indoor airborne contaminants and how to control them; how to design an office building with a view to reducing illness in the work force; whether aromatherapy can be used via air-conditioning and CIBSE guidance on the new EC legislation. | ||
| 650 | _aBUILT ENVIRONMENT-BUILDING ELEMENTS-COMPLETE BUILDING SERVICES ELEMENTS-COMPLETE HEATING, VENTILATION AND AIR CONDITIONING SYSTEMS | ||
| 650 | _aAIR POLLUTION | ||
| 650 | _aBUILDING RELATED ILLNESS | ||
| 650 | _aDUST MITES | ||
| 650 | _aEX WORKPLACE DIRECTIVE | ||
| 650 | _aHEALTH AND SAFETY (DISPLAY SCREEN EQUIPMENT) REGULATIONS | ||
| 650 | _aMANAGEMENT OF HEALTH AND SAFETY AT WORK REGULATIONS 1992 | ||
| 650 | _aPROVISION AND USE OF WORK EQUIPMENT REGULATIONS 1992 | ||
| 650 | _aSICK BUILDING SYNDROME | ||
| 650 | _aVISUAL DISPLAY UNITS | ||
| 650 | _aWORKPLACE (HEALTH, SAFETY AND WELFARE) REGULATIONS 1992 | ||
| 690 | _aBUILT ENVIRONMENT-BUILDING STANDARDS | ||
| 942 | _n0 | ||
| 948 | _c04/03/1997 | ||
| 999 |
_c40736 _d40736 |
||